000 02612cam a22004098i 4500
001 21953509
003 NUST
005 20240308110333.0
008 210322s2022 nju 000 0 eng
010 _a 2021010951
020 _a9781119585749
_q(cloth :
_qacid-free paper)
020 _z9781119585800
_q(adobe pdf)
020 _z9781119585794
_q(epub)
038 _aMalang Jan
040 _aDLC
_beng
_erda
_cDLC
_dDLC
042 _apcc
050 0 0 _aTH7222
_b.L33 2022
082 0 0 _a697
_223
_bLEC
100 1 _aLechner, Norbert,
_eauthor.
_986934
245 1 0 _aHeating, cooling, lighting :
_bsustainable design strategies towards net zero architecture /
_cNorbert M. Lechner, Patricia Andrasik.
250 _a5th edition.
263 _a2106
264 1 _aHoboken, NJ :
_bJohn Wiley & Sons,
_c[2022]
300 _a807p.:
_bill;
336 _atext
_btxt
_2rdacontent
337 _aunmediated
_bn
_2rdamedia
338 _avolume
_bnc
_2rdacarrier
520 _a"Heating, Cooling, Lighting, the leading guide to environmental control systems design for over 25 years, provides future architects and practicing professionals with the knowledge and tools needed to design a sustainable built environment at the schematic design stage. This book treats heating, cooling, and lighting not as isolated topics, but as integrated parts towards manipulating the environment to achieve net zero consumption. Responding to current industry trends, this Fifth Edition has been completely restructured based on net zero design strategies. Reflecting the latest developments in codes, standards, and rating systems for energy efficiency, this Fifth Edition includes three new chapters: Retrofits - best practices for efficient energy optimization in existing buildings, Integrated Design - strategies for synergizing passive and active design, and Design Tools - how to utilize the best tools to benchmark a building's sustainability and net zero potential; as well as an extensively updated Lighting chapter. Instructor's have access to an Instructor's Manual that includes exercises, projects, discussion questions, and web resources"--
_cProvided by publisher.
650 0 _aHeating.
650 0 _aAir conditioning.
650 0 _aLighting.
_941483
700 1 _aAndrasik, Patricia,
_eauthor.
_9122034
776 0 8 _iOnline version:
_aLechner, Norbert.
_tHeating, cooling, lighting
_b5th edition.
_dHoboken, NJ : John Wiley & Sons, 2021
_z9781119585800
_w(DLC) 2021010952
906 _a7
_brip
_corignew
_d1
_eecip
_f20
_gy-gencatlg
942 _2ddc
_cBK
999 _c608628
_d608628